000 00611nam a2200241Ia 4500
003 OSt
005 20221005101549.0
006 a|||||r|||| 00| 0
007 ta
008 221004b |||||||| |||| 00| 0 mal d
024 _a54322
037 _cTextual
040 _aCRL
_cCRL
_bmal
041 _2mal
_amal
082 _aO32:g, K41
100 _aMathews
_9622386
245 0 _aSaileevicharam
260 _aTrichur
_bCurrent Books
_c1964
300 _a91p.
_ccm.
650 _aMALAYALAM LITERATURE
_938866
942 _hO32:g, K41
_cTEXL
_2cc
999 _c1007011
_d1007011